=LDR 00000nam 2200000 4500 =001 INLIS000000000022616 =005 20130612121345 =008 ***********************************Ind** =035 ##$$0010-061300000022616 =041 ##$$a Ind =082 ##$$a 787.6 =090 ##$$a 787.6, Fam-t =100 ##$$a Famoeya =245 ##$$a Tehnik seni bermain gitar, Famoeya =260 ##$$a 1999 $b Surabaya =300 ##$$a ii, 78 hlm., ilus, 20 cm =650 ##$$a Gitar-Tehnik =850 ##$$a NBPNMAT